[Event "Titled Tuesday intern op 03rd Jan Late"]
[Site "Chess.com INT"]
[Date "2025.06.03"]
[Round "10"]
[White "Bustelo, Tabare"]
[Black "Calhoun, Luke"]
[Result "0-1"]
[WhiteElo "2043"]
[BlackElo "1985"]
[PlyCount "68"]
[EventDate "2025.06.03"]
[EventType "swiss (blitz)"]
[EventRounds "11"]
[EventCountry "USA"]
[SourceTitle "CB24_2025"]
[SourceDate "2025.06.11"]
[SourceVersion "1"]
[SourceVersionDate "2025.06.11"]
[SourceQuality "1"]

1. d4 Nf6 2. Bg5 e6 3. f4 Be7 4. Nf3 d5 5. Nbd2 0-0 6. h4 Ng4 7. e4 Ne3 8. Qc1 Nxf1 9. Bxe7 Qxe7 10. Rxf1 c5 11. dxc5 Qxc5 12. Nb3 Qb4+ 13. Nfd2 dxe4 14. c3 Qe7 15. Nxe4 Qxh4+ 16. Nf2 Rd8 17. Qe3 Nc6 18. g3 Qe7 19. Nd2 e5 20. 0-0-0 Bf5 21. g4 Be6 22. Kb1 exf4 23. Qxf4 b5 24. Nde4 b4 25. g5 bxc3 26. Nxc3 Rab8 27. Nfe4 Nb4 28. Nf6+ Kh8 29. Rxd8+ Qxd8 30. Rh1 Qd3+ 31. Ka1 Nc2+ 32. Kb1 Na3+ 33. Ka1 Qb1+ 34. Rxb1 Nc2# 0-1

[Event "Titled Tuesday intern op 09th Apr Early"]
[Site "Chess.com INT"]
[Date "2024.04.09"]
[Round "3"]
[White "Garv, Gaur"]
[Black "Calhoun, Luke"]
[Result "1-0"]
[WhiteElo "2388"]
[BlackElo "1979"]
[PlyCount "69"]
[EventDate "2024.04.09"]
[EventType "swiss (blitz)"]
[EventRounds "11"]
[EventCountry "USA"]
[SourceTitle "EXT 2025"]
[Source "ChessBase"]
[SourceDate "2024.10.14"]
[SourceVersion "1"]
[SourceVersionDate "2024.10.14"]
[SourceQuality "1"]

1. Nf3 Nf6 2. e3 b6 3. b3 Bb7 4. c4 e6 5. Bb2 Be7 6. Nc3 0-0 7. Be2 c5 8. d4 cxd4 9. exd4 d5 10. 0-0 dxc4 11. bxc4 Nc6 12. Bd3 Rc8 13. Qe2 Nxd4 14. Nxd4 Qxd4 15. Nd5 Qc5 16. Bd4 Qa3 17. Nxf6+ Bxf6 18. Bxf6 gxf6 19. Rab1 Qc5 20. Rb5 Qc6 21. Bxh7+ Kh8 22. f3 Kxh7 23. Qf2 f5 24. Qh4+ Kg6 25. Qg3+ Kf6 26. Qh4+ Kg6 27. g4 Rh8 28. gxf5+ exf5 29. Qg3+ Kf6 30. Qe5+ Kg6 31. Kh1 Qf6 32. Rg1+ Qg5 33. Rxg5+ Kxg5 34. Qxf5+ Kh4 35. Qg4# 1-0

[Event "Titled Tuesday intern op 11th Jul Early"]
[Site "Chess.com INT"]
[Date "2023.07.11"]
[Round "9"]
[White "Abel Mathewos, Tilahun"]
[Black "Calhoun, Luke"]
[Result "1-0"]
[WhiteElo "1953"]
[BlackElo "1949"]
[PlyCount "93"]
[EventDate "2023.07.11"]
[EventType "swiss (blitz)"]
[EventRounds "11"]
[EventCountry "USA"]
[SourceTitle "EXT 2024"]
[Source "ChessBase"]
[SourceDate "2023.10.10"]
[SourceVersion "1"]
[SourceVersionDate "2023.10.10"]
[SourceQuality "1"]

1. d4 d6 2. c4 e5 3. e3 Nf6 4. Nc3 Nbd7 5. dxe5 dxe5 6. Nf3 Bb4 7. Bd2 0-0 8. Be2 c6 9. 0-0 Qc7 10. a3 Be7 11. Rc1 a5 12. Qc2 Rd8 13. Rfd1 Nc5 14. b4 axb4 15. axb4 Ne6 16. c5 g6 17. Bc4 h6 18. h3 Ng7 19. Qxg6 Bf8 20. Qxf6 Be6 21. Bxe6 Nxe6 22. Qxe5 Qe7 23. Ne4 Bg7 24. Qg3 Kh7 25. Nd6 Ra2 26. Bc3 Bxc3 27. Rxc3 Rg8 28. Qe5 f6 29. Qf5+ Kh8 30. Nh4 Qg7 31. Ne4 Ng5 32. Qxf6 Nxh3+ 33. Kh2 Nxf2 34. Qxg7+ Rxg7 35. Nxf2 Rxf2 36. Rc4 Rb2 37. Rg1 Re2 38. e4 Rg4 39. Nf3 Rexe4 40. Rxe4 Rxe4 41. Rb1 Kg7 42. Kg3 Kf6 43. Rb3 Ke6 44. Kf2 Kd5 45. Kf1 Kc4 46. Nd2+ Kd4 47. Nxe4 1-0

[Event "Titled Tuesday intern op 11th Jul Early"]
[Site "Chess.com INT"]
[Date "2023.07.11"]
[Round "6"]
[White "Calhoun, Luke"]
[Black "Rosenberg, Evan"]
[Result "1-0"]
[WhiteElo "1949"]
[BlackElo "1973"]
[PlyCount "51"]
[EventDate "2023.07.11"]
[EventType "swiss (blitz)"]
[EventRounds "11"]
[EventCountry "USA"]
[SourceTitle "EXT 2024"]
[Source "ChessBase"]
[SourceDate "2023.10.10"]
[SourceVersion "1"]
[SourceVersionDate "2023.10.10"]
[SourceQuality "1"]

1. Nf3 d5 2. g3 Nd7 3. d4 Nb6 4. Bg2 Nf6 5. 0-0 Bf5 6. Ne5 e6 7. b3 Be7 8. Bb2 0-0 9. Nd2 a5 10. a4 c6 11. h3 h6 12. g4 Bh7 13. f4 Re8 14. e3 Rc8 15. Rf3 c5 16. Rg3 cxd4 17. Bxd4 Bxc2 18. Qe2 Ne4 19. Nxe4 Bxe4 20. Bxe4 dxe4 21. g5 hxg5 22. Qh5 Rf8 23. fxg5 Bc5 24. Rg4 Bxd4 25. Rh4 Bxe3+ 26. Kh1 1-0

[Event "Titled Tuesday intern op 16th May Late"]
[Site "Chess.com INT"]
[Date "2023.05.16"]
[Round "4"]
[White "Calhoun, Luke"]
[Black "Slavin, Alexei"]
[Result "1-0"]
[WhiteElo "2006"]
[BlackElo "2364"]
[PlyCount "147"]
[EventDate "2023.05.16"]
[EventType "swiss (blitz)"]
[EventRounds "11"]
[EventCountry "USA"]
[SourceTitle "CBM 214 Extra"]
[Source "ChessBase"]
[SourceDate "2023.07.31"]
[SourceVersion "1"]
[SourceVersionDate "2023.07.31"]
[SourceQuality "1"]

1. d4 Nc6 2. Nf3 d6 3. Bf4 Bg4 4. d5 Bxf3 5. exf3 Nb8 6. Nc3 g6 7. Bb5+ Nd7 8. 0-0 Ngf6 9. Re1 a6 10. Ba4 b5 11. Bb3 Nb6 12. a3 Bg7 13. Qe2 Nc8 14. a4 b4 15. Na2 a5 16. Qb5+ Qd7 17. Qb7 Ra7 18. Qb8 0-0 19. Rad1 Ra6 20. Be3 c5 21. dxc6 Qxc6 22. Qb5 e6 23. Bc4 Qxb5 24. axb5 Ra8 25. c3 d5 26. Bf1 b3 27. Nc1 a4 28. Bc5 Rd8 29. Nd3 Nd7 30. Ba3 Rb8 31. Nb4 Na7 32. Nc6 Nxc6 33. bxc6 Bf8 34. Bxf8 Kxf8 35. c7 Nc5 36. cxd8Q+ Rxd8 37. c4 d4 38. f4 f6 39. g3 Ke7 40. Bg2 h5 41. Bc6 Rd6 42. Bb5 Kd8 43. Ra1 d3 44. Bxa4 d2 45. Red1 Kc7 46. Bb5 e5 47. fxe5 fxe5 48. Kf1 e4 49. Ke2 Kb6 50. Rxd2 Nd3 51. Ra3 Kc5 52. Rxb3 Rf6 53. Rbxd3 exd3+ 54. Rxd3 Re6+ 55. Re3 Rd6 56. f4 Kb4 57. Re5 Rd4 58. Rg5 Rd6 59. Be8 Re6+ 60. Kf3 Rxe8 61. Rxg6 Kxc4 62. Rg5 h4 63. g4 Rb8 64. Rh5 Rb3+ 65. Ke4 Rxb2 66. Rxh4 Re2+ 67. Kf5 Kd5 68. Rh8 Rf2 69. Rd8+ Kc6 70. h4 Kc7 71. Rd1 Rg2 72. h5 Rh2 73. Kg5 Kc6 74. f5 1-0